Library and information networking : (Record no. 134154)

MARC details
000 -LEADER
fixed length control field 00900nam a22002537a 4500
003 - CONTROL NUMBER IDENTIFIER
control field dpl
005 - DATE AND TIME OF LATEST TRANSACTION
control field 20180823131541.0
008 - FIXED-LENGTH DATA ELEMENTS--GENERAL INFORMATION
fixed length control field 180823b xxu||||| |||| 00| 0 eng d
010 ## - LIBRARY OF CONGRESS CONTROL NUMBER
LC control number A-977614
020 ## - INTERNATIONAL STANDARD BOOK NUMBER
Terms of availability 00.00
035 ## - SYSTEM CONTROL NUMBER
System control number A-977614, A-977617
037 ## - SOURCE OF ACQUISITION
Source of stock number/acquisition Cen Lib/Ret
040 ## - CATALOGING SOURCE
Original cataloging agency DPL
Language of cataloging EN
Transcribing agency 0
082 ## - DEWEY DECIMAL CLASSIFICATION NUMBER
Classification number 026
Item number LIB
245 ## - TITLE STATEMENT
Title Library and information networking :
Statement of responsibility, etc edited by H. K. Kaul
Remainder of title NACLIN 99 : papers of the National Convention on Library and Information Networking (NACLIN 99), October 11-14, 1999 /
260 ## - PUBLICATION, DISTRIBUTION, ETC. (IMPRINT)
Place of publication, distribution, etc New Delhi
Name of publisher, distributor, etc Delhi Library Network
Date of publication, distribution, etc 2000
270 ## - ADDRESS
Address 40 Max Mueller Marg. Lodhi Estate
City New Delhi
Postal code 110003
300 ## - PHYSICAL DESCRIPTION
Extent 340p.
Dimensions 22cm(Hb)
500 ## - GENERAL NOTE
General note Includes index
650 ## - SUBJECT ADDED ENTRY--TOPICAL TERM
Topical term or geographic name as entry element Library information networks
9 (RLIN) 107325
650 ## - SUBJECT ADDED ENTRY--TOPICAL TERM
Topical term or geographic name as entry element Electronic information resources
9 (RLIN) 39947
700 ## - ADDED ENTRY--PERSONAL NAME
Personal name Kaul, H. K
9 (RLIN) 107326
942 ## - ADDED ENTRY ELEMENTS (KOHA)
Source of classification or shelving scheme Dewey Decimal Classification
Koha item type English Books
Classification part 026
Call number suffix LIB
Holdings
Withdrawn status Lost status Damaged status Not for loan Collection code Home library Current library Date acquired Source of acquisition Cost, normal purchase price Total Checkouts Full call number Barcode Date last seen Copy number Cost, replacement price Price effective from Koha item type Source of classification or shelving scheme
      Not For Loan Reference Central Library Central Library 29/07/2015 Cen Lib/Ret 0.00   026 LIB A-977614 29/07/2015 1 0.00 29/07/2015 English Books  
        Non-fiction Shahdara Branch Shahdara Branch 23/08/2018 BPPD/PUB 0.00   026 LIB A-977617 23/08/2018   0.00 23/08/2018 English Books Dewey Decimal Classification

© Delhi Public Library
Hit Counter
free hit counter